| 000 | 00000nam##2200000za#4500 |
| 001 | 9.572278 |
| 003 | CaOODSP |
| 005 | 20210624183135 |
| 007 | cr ||||||||||| |
| 008 | 150406|2000||||xxc|||||o f|0| 0 eng|d |
| 040 | |aCaOODSP|beng |
| 043 | |an-cn--- |
| 086 | 1 |aNH18-22/100-110E-PDF |
| 110 | 2 |aCanada Mortgage and Housing Corporation. |
| 245 | 10|aReview of OHC building energy and water audits |h[electronic resource] |
| 260 | |aOttawa - Ontario : |bCanada Mortgage and Housing Corporation |c[2000]. |
| 300 | |a4p.|btable |
| 490 | 1 |aResearch highlight. Technical series |v00-110 |
| 590 | |a11-29-Supp|b2011-11-25 |
| 690 | 07|aApartment buildings|2gcpds |
| 690 | 07|aEnergy use|2gcpds |
| 690 | 07|aWater use|2gcpds |
| 775 | 08|tExamen de la consommation d'énergie et d'eau dans les bâtiments de la Société de logement de l'Ontario / |w(CaOODSP)9.607723 |
| 776 | 0#|tReview of OHC building energy and water audits |w(CaOODSP)9.615638 |
| 830 | #0|aResearch highlight. Technical series ;|v00-110|w(CaOODSP)9.504482 |
| 856 | 40|ahttp://publications.gc.ca|qPDF|s112 KB|uhttps://publications.gc.ca/collections/Collection/NH18-22-100-110E.pdf|y00-110 |